000 00500nam a2200181Ia 4500
005 20250326123815.0
008 250326s9999 xx 000 0 und d
037 _aTextbook
040 _aFMSL
_beng
_cFMSL
041 _aeng
_2eng
084 _aS:7 K61
_qFMSL
100 _aVernon P E
_988051
245 0 _aPersonality assessment: critical survey
_cVernon P E
260 _aGreat
_bGreat, Britain Methuen
_c1966
300 _a333p
942 _cTB
_hS:7 K61
999 _c1271041
_d1271041